History and General Knowledge Quiz#1 - Statistics

General Stats
  • This quiz has been taken 139 times
  • The average score is 8 of 10
Answer Stats
Question Answer % Correct
Who leaded the Communist Revolutionaries during The Chinese Civil War? Mao Zedong
95%
What sparked WWI? The assassination of Arch Duke Franz Ferdinand
90%
Which King married 6 times? Henry VIII
86%
Who leaded the Communist Revolution in Russia? Vladimir Lenin
86%
Which Country of the below still has Monarchy? Norway
81%
Who was the Kaiser of Germany during WWI? Wilhelm II
81%
Which French king is known by the title " Sun King " ? Louis XIV
71%
In which year did the Soviet Union collapse? 1991
67%
Who was ally of the Austro-Hungarian Empire during WWI? Germany
62%
In which year was the Holy Roman Empire dissolved? 1806
52%
No matching quizzes found
Score Distribution
Percent of People with Each Score
Percentile by Number Answered
Your Score History
You have not taken this quiz